[Event "Ivrea Eporediese op 30th"]
[Site "Ivrea"]
[Date "2013.03.14"]
[Round "8"]
[White "Avetta, Roberto"]
[Black "Chiarotto, Filippo"]
[Result "0-1"]
[WhiteElo "1679"]
[BlackElo "2078"]
[PlyCount "54"]
[EventDate "2013.01.19"]
[EventType "swiss"]
[EventRounds "9"]
[EventCountry "ITA"]
[SourceTitle "EXT 2014"]
[Source "ChessBase"]
[SourceDate "2013.11.20"]
[SourceVersion "1"]
[SourceVersionDate "2013.11.20"]
[SourceQuality "1"]

1. e4 c5 2. Nf3 a6 3. d4 cxd4 4. Nxd4 Nf6 5. Nc3 e5 6. Nf3 Bb4 7. Qd3 0-0 8. Bg5 d5 9. 0-0-0 Bxc3 10. Qxc3 Nxe4 11. Qxe5 Nxg5 12. Qxg5 Be6 13. Qh5 Nd7 14. Bd3 Nf6 15. Qh4 Qa5 16. a3 b5 17. Nd4 Rac8 18. Nb3 Qb6 19. Qd4 Qc7 20. f3 Rfd8 21. g4 Ne8 22. f4 Bxg4 23. Rde1 Bf3 24. Rhg1 Be4 25. Bxe4 dxe4 26. Qf2 f5 27. Nd4 Rxd4 0-1

[Event "Ivrea Eporediese op 30th"]
[Site "Ivrea"]
[Date "2013.01.31"]
[Round "3"]
[White "Bozza, Alberto"]
[Black "Avetta, Roberto"]
[Result "0-1"]
[WhiteElo "1538"]
[BlackElo "1679"]
[PlyCount "98"]
[EventDate "2013.01.19"]
[EventType "swiss"]
[EventRounds "9"]
[EventCountry "ITA"]
[SourceTitle "EXT 2014"]
[Source "ChessBase"]
[SourceDate "2013.11.20"]
[SourceVersion "1"]
[SourceVersionDate "2013.11.20"]
[SourceQuality "1"]

1. c4 e5 2. g3 Nf6 3. Bg2 Nc6 4. Nc3 Bc5 5. Nf3 d5 6. cxd5 Nxd5 7. 0-0 Be6 8. a3 a5 9. d3 0-0 10. Ng5 Qd6 11. Nxe6 Nxc3 12. bxc3 Qxe6 13. c4 Rfd8 14. Rb1 b6 15. Qa4 Rd6 16. Bd2 Rad8 17. Bxc6 Rxc6 18. Rbd1 e4 19. Bf4 e3 20. Bxe3 Bxe3 21. fxe3 Qxe3+ 22. Kh1 Re6 23. Rde1 Rde8 24. Qd7 R6e7 25. Qg4 Qc5 26. Qf3 Qxa3 27. Qd5 Qc3 28. Rc1 Qd2 29. Rcd1 Qh6 30. e4 Qe6 31. Rc1 Rd7 32. Qxe6 Rxe6 33. Rc3 Red6 34. Rd1 f6 35. Kg2 Kf7 36. Kf3 Ke6 37. Ke3 f5 38. exf5+ Kxf5 39. h3 h5 40. Kf3 g5 41. Kg2 g4 42. h4 Ke5 43. Kf2 Kd4 44. Rb3 Rf6+ 45. Kg2 Re7 46. Rd2 Rf3 47. Rb5 Ree3 48. Rxh5 Rxg3+ 49. Kf2 Kc3 0-1

[Event "Torino Province-ch"]
[Site "Torino"]
[Date "2010.02.09"]
[Round "1"]
[White "Manni, Stefano"]
[Black "Avetta, Roberto"]
[Result "1-0"]
[WhiteElo "1962"]
[BlackElo "1711"]
[PlyCount "43"]
[EventDate "2010.02.09"]
[EventType "swiss"]
[EventRounds "7"]
[EventCountry "ITA"]
[SourceTitle "EXT 2024"]
[Source "ChessBase"]
[SourceDate "2023.10.10"]
[SourceVersion "1"]
[SourceVersionDate "2023.10.10"]
[SourceQuality "1"]

1. e4 d6 2. d4 Nf6 3. Nc3 Nbd7 4. Nf3 g6 5. e5 dxe5 6. dxe5 Ng8 7. Bc4 e6 8. Bg5 Ne7 9. Ne4 Bg7 10. Qd4 0-0 11. 0-0-0 Nc6 12. Qe3 Qe8 13. Rxd7 f6 14. Rxg7+ Kxg7 15. Bh6+ Kf7 16. Bxf8 Qxf8 17. Nxf6 b6 18. Ng5+ Ke7 19. Qa3+ Nb4 20. Qxb4+ c5 21. Qd2 h6 22. Qd6# 1-0

[Event "Ivrea Eporediese op 27th"]
[Site "Ivrea"]
[Date "2010.01.21"]
[Round "1"]
[White "Avetta, Roberto"]
[Black "Bruno, Fabrizio"]
[Result "1/2-1/2"]
[WhiteElo "1711"]
[BlackElo "1965"]
[PlyCount "86"]
[EventDate "2010.01.21"]
[EventType "swiss"]
[EventRounds "6"]
[EventCountry "ITA"]
[SourceTitle "EXT 2024"]
[Source "ChessBase"]
[SourceDate "2023.10.10"]
[SourceVersion "1"]
[SourceVersionDate "2023.10.10"]
[SourceQuality "1"]

1. d4 Nf6 2. c4 e6 3. Nc3 Bb4 4. Bg5 c5 5. Nf3 0-0 6. e4 cxd4 7. Nxd4 Bxc3+ 8. bxc3 Qa5 9. Bxf6 Qxc3+ 10. Ke2 gxf6 11. Rc1 Qa5 12. Qc2 Nc6 13. Nf3 b6 14. Kd1 Bb7 15. h4 Nb4 16. Qb2 e5 17. a3 Na6 18. Bd3 Nc5 19. Qe2 Nxd3 20. Qxd3 Qc5 21. Ke2 Rfd8 22. g4 Qc6 23. g5 Qxe4+ 24. Qxe4 Bxe4 25. gxf6 Bxf3+ 26. Kxf3 Kh8 27. h5 h6 28. Ke4 d6 29. Rcg1 Rac8 30. Kd3 Rc7 31. Rg7 Rdc8 32. Rh4 d5 33. cxd5 Rd8 34. Rhg4 Rxd5+ 35. Ke4 Rd4+ 36. Kxe5 Rxg4 37. Rxg4 Rc5+ 38. Kd6 Rxh5 39. Ke7 Rf5 40. Kxf7 Rxf2 41. Rg8+ Kh7 42. Rg7+ Kh8 43. Rg8+ Kh7 1/2-1/2